A szegedi Rassay-párt határozata a Klebelsberg-beszéd ügyében
Elmentve itt :
| Dokumentumtípus: | Cikk |
|---|---|
| Megjelent: |
1929-01-12
|
| Sorozat: | Délmagyarország
5 No. 10 |
| Kulcsszavak: | Rassay Károly, Peidl Gyula, Klebelsberg Kuno, Politikai élet Szeged 1929 |
| Online Access: | http://dmarchiv.bibl.u-szeged.hu/46828 |
| LEADER | 00494nab a2200145 i 4500 | ||
|---|---|---|---|
| 001 | delm46828 | ||
| 005 | 20180927131855.0 | ||
| 008 | 180927s1929 hu o 0|| hun d | ||
| 040 | |a SZTE Délmagyarország Archívum |b hun | ||
| 041 | |a hun | ||
| 245 | 0 | 2 | |a A szegedi Rassay-párt határozata a Klebelsberg-beszéd ügyében |h [elektronikus dokumentum] |
| 260 | |c 1929-01-12 | ||
| 300 | |a 3 | ||
| 490 | 0 | |a Délmagyarország |v 5 No. 10 | |
| 695 | |a Rassay Károly, Peidl Gyula, Klebelsberg Kuno, Politikai élet Szeged 1929 | ||